000 00299nam a22001337a 4500
008 180223b xxu||||| |||| 00| 0 eng d
020 _a9781582552262
041 _aeng
080 _a37
100 _a25
101 _aEDU
245 _aWound care made incredibly easy!
_cCann,J.A
942 _2udc
_cBK
999 _c43250
_d43250